000 00295nam a2200121 i 4500
001 bg
245 4 _aXIV Naukowa Szkoła Obróbki Ściernej :
_breferaty i komunikaty.
260 _aGdańsk,
_c1991.
040 _cBPK
041 _apol
942 _cKS
008 s pl f |000 0 pol
999 _c29552
_d29552
856 _uhttp://koha.tu.koszalin.pl/cgi-bin/koha/opac-detail.pl?biblionumber=29552
_yKatalog online BPK